000
00341nam a2200145Ia 4500
008
230718s9999 xx 000 0 und d
041
_a
Eng.
082
_a
342.54
_b
KHA-H
100
_a
Khan, Barrister Zafarullah
245
0
_a
Human Rights
260
_a
Pakistan
_b
Pakistan law house
_c
2007
300
_a
356
650
_a
Law
999
_c
29468
_d
29468